| 000 | 01080nam0a22002771 4500 | ||
|---|---|---|---|
| 001 | rc\4033174 | ||
| 005 | 20260407080752.0 | ||
| 021 |
_aRU _b[50-19544] |
||
| 035 | _a(NLR Aleph) 008093694 | ||
| 090 |
_a9199875 _c9199875 |
||
| 100 | _a20130415d1950 |||y0rusy50 ca | ||
| 101 | 0 | _arus | |
| 102 | _aRU | ||
| 105 | _aa z ||||| | ||
| 200 | 1 |
_aПередовики браслетного участка _fМ-во хим. пром-сти. "Главшинпром" |
|
| 210 |
_a[Ярославль] _cЯросл. шинный завод _d1950 _gтип. Изд-ва при Яросл. облисполкоме |
||
| 215 |
_a12 с. _cил. _d20 |
||
| 300 | _aПеред загл. авт.: В. Кусакин | ||
| 606 |
_aСтахановцы шинной промышленности _2psbo |
||
| 700 | 1 |
_aКусакин _bВ.П. _gВенедикт Прохорович |
|
| 712 | 0 | 2 |
_aЯрославский шинный завод _3RU\NLR\AUTH\8810041152 _9581518 |
| 801 | 0 |
_aRU _bNLR _gpsbo |
|
| 801 | 1 |
_aRU _bELAR _2rusmarc |
|
| 852 |
_aNLR _jТ44 Г-4/615 |
||
| 942 | _cBOOK | ||
| 980 | _aNB | ||